000
00304nam a2200121Ia 4500
008
190216s9999||||xx |||||||||||||| ||und||
100
_a
Sheila Ostrander & Lynn Schroeder
245
0
_a
Super Learning
260
_b
Sphere Books Ltd
_c
1983
300
_a
349p
650
_a
English General
942
_c
BK
999
_c
13198
_d
13198